00848nam a22002177a 450000500170000001000150001702000260003203500140005803700090007208200080008110000240008924500700011326000420018327000760022530000260030150000910032770000320041894200220045099900190047295201390049120240612164645.0 aENG-140582 a9789355323613c699.00 aEN-124114 bDBAD a000 aSharma, Arun967443 aHow to Prepare For CUET/cBy Arun Sharma [and] Meenakshi Upadhyay aChennaibMc Graw Hill Educationc2022 aAnjana Complex NO. 5/90 A, Butt Road, St. Thomas MountbChennaie600116 avp.c24cm(pbk)bindex aComplete Coverage of Section I(A) English Language & Section III General Rest of CUET aUpadhyay, Meenakshi 967431 2ddch000cENmSHA c203567d203567 001040708NFICaLbLd2024-06-12eDBADg699.00l7m6o000 SHApEN-124114r2026-06-15 11:15:44s2026-05-18t1v699.00w2024-06-12yEN